| 000 | 01288nac a22003617a 4500 | ||
|---|---|---|---|
| 001 | BR0201003 | ||
| 003 | BR-BrBNA | ||
| 005 | 20240105122641.0 | ||
| 008 | 230509b bl.|||m| |||| 00| 0 por d | ||
| 040 |
_aBR-BrBNA _bpor _cBiblioteca Nacional de Agricultura |
||
| 072 | _aF30; H10; F03 | ||
| 090 | _a0430 BR0201003 | ||
| 110 | 1 |
_aEMBRAPA Algodão, Campina Grande, PB (Brasil) _93546 |
|
| 110 | 1 | _aEMBRAPA Agropecuária Oeste, Dourados, MS (Brasil) | |
| 111 | 1 |
_a3. Congresso Brasileiro de Algodão _c27-31 Aug 2001 _dCampo Grande, MS (Brazil) |
|
| 245 | 1 | _a3 Congresso Brasileiro de Algodão. Produzir sempre, o grande desafio. Anais | |
| 260 | 3 |
_aDourados, MS (Brasil): _c2001. |
|
| 300 | _av. 1-2 | ||
| 490 |
_aDocumentos - EMBRAPA ALGODÃO (Brazil)Documentos - EMBRAPA Agropecuária Oeste (Brazil) _vno. 32no. 82 _xISSN 1516-845XISSN 0103-0205 |
||
| 500 | _aSeveral bibliography; Summary only | ||
| 650 | _aALGODÃO | ||
| 650 | _aBIOTECNOLOGIA | ||
| 650 | _aVARIEDADE | ||
| 650 | _aENTOMOLOGIA | ||
| 650 | _aFISIOLOGIA VEGETAL | ||
| 650 | _aIRRIGAÇÃO | ||
| 650 | _aMELHORAMENTO GENÉTICO VEGETAL | ||
| 650 | _aSEMENTE | ||
| 650 | _aNUTRIÇÃO VEGETAL | ||
| 650 | _aERVA DANINHA | ||
| 909 |
_a202312 _bLúcia Elande _c55 _dLúcia Elande |
||
| 942 |
_2AGRIS _n0 _cMS |
||
| 999 |
_c292114 _d292114 |
||